000 00626 a2200205 4500
005 20260313114954.0
008 260312b |||||||| |||| 00| 0 eng d
020 _a9781398617698
_c$ 59.00
040 _aMAIN
082 _a658.301
_bA58A(8)
100 _aArmstrong Michael
245 _aArmstrong's handbook of strategic human resource management: Improve business performance through strategic people management
250 _a8th
260 _bKogan Page
_c2025
_aLondon
300 _axii, 343
650 _aManagement
650 _aHuman Resource Mangements
650 _aOrganization Development
942 _cBK
999 _c396993
_d396993